01698nab a22002777a 4500999001500000003000400015005001700019008004100036040000700077100002600084245020800110260007300318300001200391500007500403505049100478505008900969650003501058650002001093650003501113650002001148650003001168650003301198650003401231773014201265942001301407 c6347d6347OSt20260130223749.0190603e xxum|||| |||| 00| 0 spa d cPJ 97006aGrondona, Paula13aLos activos y contenidos digitales ¿son transmisibles mortis causa? un análisis desde el derecho sucesorio : bel necesario marco regulatorio y la importancia de la planificación /cPaula Grondona.  cCiudad Autónoma de Buenos Aires :aThomson Reuters La Ley, b2025. ap. 5-17 aCita: TR LALEY AR/DOC/2934/2025 Publicado en: RCCyC 2025 (Diciembre). aSumario: I. Introducción.— II. Los activos y contenidos digitales.— III. La regulación de los derechos personalísimos de las personas luego de su fallecimiento en el Cód. Civ. y Com.— IV. Principales tensiones con relación a los contenidos digitales post mortem.— V. Ideas preliminares para un futuro marco regulatorio.— VI. La importancia de la planificación "digital" sobre los activos y contenidos digitales luego del fallecimiento.— VII. Palabras de cierre.  t¿Te interesa el texto completo? Solicitalo al correo: koha@justierradelfuego.gov.ar 091497aCODIGO CIVIL Y COMERCIAL 09888aSUCESIONES 09765aDERECHOS PERSONALÍSIMOS 091084aHEREDEROS 095557aDERECHO A LA IMAGEN 092724aDERECHO A LA INTIMIDAD 095817aINTELIGENCIA ARTIFICIAL0 0271393170dCiudad Autónoma de Buenos Aires : Thomson Reuters La Ley, 2015-tRevista Código Civil y Comercial. Nº 6 - Diciembre 2025 2udccANA